Access to financial services in Brazil

में बचाया:
ग्रंथसूची विवरण
मुख्य लेखक: Kumar, Anjali
स्वरूप: पुस्तक
भाषा:Undetermined
प्रकाशित: Washington, D.C. The World Bank 2004
विषय:
टैग : टैग जोड़ें
कोई टैग नहीं, इस रिकॉर्ड को टैग करने वाले पहले व्यक्ति बनें!
Thư viện lưu trữ: Trung tâm Học liệu Trường Đại học Cần Thơ
LEADER 00497nam a2200193Ia 4500
001 CTU_68763
008 210402s9999 xx 000 0 und d
082 |a 658.1 
082 |b K95 
100 |a Kumar, Anjali 
245 0 |a Access to financial services in Brazil 
245 0 |c Anjali Kumar 
260 |a Washington, D.C. 
260 |b The World Bank 
260 |c 2004 
650 |a Finance 
650 |z Brazil 
904 |i Mai Loan 
980 |a Trung tâm Học liệu Trường Đại học Cần Thơ